El primer guerrero, libro uno / (Registro nro. 7440)

Detalles MARC
000 -LEADER
fixed length control field 01464nam a22002777a 4500
003 - CONTROL NUMBER IDENTIFIER
control field OSt
005 - DATE AND TIME OF LATEST TRANSACTION
control field 20250421142931.0
008 - FIXED-LENGTH DATA ELEMENTS--GENERAL INFORMATION
fixed length control field 210304s2006 ar ab||jr|||| 00| 0 spa d
020 ## - INTERNATIONAL STANDARD BOOK NUMBER
International Standard Book Number 9789504914891
040 ## - CATALOGING SOURCE
Original cataloging agency CO-JMCR
Transcribing agency CO-JMCR
041 0# - LANGUAGE CODE
Language code of text/sound track or separate title spa
082 04 - DEWEY DECIMAL CLASSIFICATION NUMBER
Classification number A-N
Item number PAEp
Edition number 23
100 1# - MAIN ENTRY--PERSONAL NAME
Personal name Paes Filho, Orlando,
Relator term autor
9 (RLIN) 14353
245 13 - TITLE STATEMENT
Title El primer guerrero, libro uno /
Statement of responsibility, etc. Orlando Paes Filho ; traducido por: Tina Parcero
260 ## - PUBLICATION, DISTRIBUTION, ETC.
Place of publication, distribution, etc. Buenos Aires :
Name of publisher, distributor, etc. Planeta,
Date of publication, distribution, etc. 2006.
300 ## - PHYSICAL DESCRIPTION
Extent 421 páginas :
Other physical details ilustraciones y mapas a color ;
Dimensions 23 cm.
490 ## - SERIES STATEMENT
Series statement Angus
500 ## - GENERAL NOTE
General note Datos biográficos del autor en solapa posterior.
505 0# - FORMATTED CONTENTS NOTE
Formatted contents note Ojos llamante -- Bajo el pálido sol de otoño -- Sangre de Hielo -- Águila de sangre -- Saludando a la muerte -- Más mortales que la peste -- Nennius -- Río de fuego -- Un invierno ceniciento -- Alimentado a los lobos Los reyes de Erin -- Degannwy -- MacLanchlan -- La batalla de Cair Gloui -- Gwyneth -- Sigurd, ojo de serpiente -- Pantanos de Sumorsaete -- Encuentro en Stonehenge -- El león de fuego -- La formación del clan
520 0# - SUMMARY, ETC.
Summary, etc. El tono de voz de Nennius se elevó hasta convertirse en un trueno, y su mirada parecía formada por centellas de fuego, como si de repente tuviese la fuerza de un dios.
650 14 - SUBJECT ADDED ENTRY--TOPICAL TERM
Topical term or geographic name entry element Novela grafica
9 (RLIN) 5630
650 24 - SUBJECT ADDED ENTRY--TOPICAL TERM
Topical term or geographic name entry element Novela juvenil
9 (RLIN) 14354
650 24 - SUBJECT ADDED ENTRY--TOPICAL TERM
Topical term or geographic name entry element Narrativa brasileña
9 (RLIN) 14355
700 1# - ADDED ENTRY--PERSONAL NAME
Personal name Parcero, Tina,
Relator term traductora
9 (RLIN) 14356
942 ## - ADDED ENTRY ELEMENTS (KOHA)
Source of classification or shelving scheme Dewey Decimal Classification
Koha item type Books
Existencias
Withdrawn status Lost status Source of classification or shelving scheme Damaged status Not for loan Home library Current library Shelving location Date acquired Source of acquisition Total Checkouts Total Renewals Full call number Barcode Date last seen Date last checked out Copy number Price effective from Koha item type
    Dewey Decimal Classification     Biblioteca Pública José María del Castillo y Rada Biblioteca Pública José María del Castillo y Rada Fiction   Donación 1 1 A-N PAEp 201810532 07/21/2025 06/26/2025 Ej.1   Books